| 000 | 00680nam a22002057a 4500 | ||
|---|---|---|---|
| 999 |
_c14798 _d14798 |
||
| 003 | AR-CdUCM | ||
| 008 | 190424b ||||| |||| 00| 0 spa d | ||
| 040 |
_aMUNICIPALIDAD PROVINCIAL DEL CUSCO _cBIBLIOTECA MUNICIPAL DEL CUSCO |
||
| 082 |
_aC / 051 / _bV481 |
||
| 245 | _aLa verdadera Historia / | ||
| 260 |
_aQosqo : _bUNSAAC, _c1993. |
||
| 300 |
_a22 páginas ; _c21 cm. |
||
| 440 |
_aRevista _n04 _933697 |
||
| 505 | _aGuerra al usurpador -- Religión o leyes -- Si ellos fueron estúpidos -- Los chinos o colon -- El histórico arco de Pumacahua... | ||
| 650 |
_aIndigenismo. _9208 |
||
| 650 |
_aSociedad. _953 |
||
| 650 |
_aCusco. _9772 |
||
| 942 |
_2ddc _cPP |
||
| 945 | _awfj | ||